| 000 | 01114cam a22003377a 4500 | ||
|---|---|---|---|
| 003 | CHAP | ||
| 005 | 20220329141553.0 | ||
| 008 | 971013s1968 r 00010 d | ||
| 010 | _a70308 | ||
| 011 | _a71280 | ||
| 035 | _a80834 | ||
| 040 | _cCHAP | ||
| 082 |
_a581.6 _bB3Y |
||
| 100 | 0 | 0 |
_aBaker, Herbert G. _99547 |
| 245 | 1 | 4 | _aLas plantas y la civilización |
| 260 |
_aMéxico, D. F. : _bHerrero Hnos., _c1968 |
||
| 300 |
_a193 p. _b: ilus. |
||
| 490 | 0 | _aSerie fundamentos de la botánica | |
| 590 |
_aBATCH-UPD _b10 _c20130110 _lUCH01 _h0110 |
||
| 590 |
_aBATCH-UPD _b10 _c20130110 _lUCH01 _h0615 |
||
| 590 |
_aBATCH-UPD _b10 _c20130409 _lUCH01 _h2101 |
||
| 590 |
_aBATCH-UPD _b10 _c20130410 _lUCH01 _h1212 |
||
| 590 |
_aBATCH-UPD _b10 _c20130914 _lUCH01 _h0524 |
||
| 590 |
_aCONVERSION _b10 _c20130109 _lUCH01 _h1339 |
||
| 650 | 1 | 4 |
_aBotánica económica. _914655 |
| 830 | 0 |
_aSerie fundamentos de la botánica _9104882 |
|
| 901 | _aBK | ||
| 942 | _cLIBRO | ||
| 949 |
_a581.6 B3Y _bBC _cLIBRO _d33724000538625 _eLIBRO _fc.4 _h76689 _i80834 _si |
||
| 949 |
_a581.6 B3Y _bBC _cLIBRO _d33724000538674 _eLIBRO _h15008 _i80834 _si |
||
| 999 |
_c70308 _d70308 |
||